Statystyki dla Gwiezdne Wojny (,,Star Wars'') - lista filmów

Kliknij tutaj aby rozwiązać quiz!

Ogólne statystyki

  • Ten quiz został rozwiązany 98 razy
  • Średni wynik to 9 z 11

Statystyki odpowiedzi

Wskazówka
Odpowiedź
% Poprawnych
Część 1Mroczne Widmo
96%
Część 3Zemsta Sithów
91%
Część 2Atak Klonów
89%
Część 5Imperium Kontratakuje
89%
Część 6Powrót Jedi
89%
Część 4Nowa Nadzieja
86%
Część 9Skywalker. Odrodzenie
83%
Część 7Przebudzenie Mocy
80%
HistorieHan Solo
75%
Część 8Ostatni Jedi
75%
HistorieŁotr 1
68%

Rozkład punktacji

Percentyl według liczby udzielonych odpowiedzi

Procent ludzi z każdym wynikiem

Twoja historia wyników

Nie rozwiązałeś tego quizu